Evénements du 28 décembre - Statistiques

Statistiques générales
  • Ce quiz a été pris 31 fois
  • Le résultat moyen est 8 sur 15
Statistiques - réponses
Hint Réponse % Correct
Naissance de Gilbert Montagné, chanteur 1951
93%
Mort de Grichka Bogdanoff, animateur 2021
93%
1ère observation de Neptune par Galilée 1612
79%
Naissance du 1er bébé éprouvette américain 1981
75%
1ère de Stade 2 1975
57%
Dernière émission de La Dernière séance 1998
54%
L'Iowa devient le 29e état américain 1846
50%
St Boniface devient pape 418
50%
Raid viking sur Paris 856
46%
Consécration de l'abbaye de Westminster en Angleterre 1065
39%
Fondation de l'abbaye de La Chaise-Dieu 1043
32%
1ère de Cyrano de Bergerac d'Edmond Rostand 1897
32%
Naissance du code du Travail français 1910
32%
Publication d'un article de Rontgen décrivant les rayons X 1895
25%
Plus de 80000 morts lors du tremblement de terre de Messine en Sicile 1907
18%
Aucun quiz correspondant
Distribution des résultats
% des personnes avec chaque résultat
Percentile par nombre de réponses
Votre historique - résultats
Vous n’avez pas pris ce quiz